000 00589nam a2200193Ia 4500
003 GCL
008 140319s9999 xx 000 0 ara d
040 _aGCL /
_cGCL
082 0 4 _a811.009
_bر ل
100 1 _aرجاء عيد
245 1 0 _aلغة الشعر : قراءة فى الشعر العربى الحديث /
_cرجاء عيد
260 _a[S.N] :
_bمنشاة المعارف الاسلامية ،
_c1985
300 _a405 ص
490 _a
650 0 4 _aالشعر العربى
650 0 4 _aالادب العربى
650 0 4 _aالعصر الحديث
942 _2ddc
_cBK
999 _c32571
_d32571